神奈川県の市区町村(1950年) - Statistics

General Stats
  • This quiz has been taken 68 times
  • The average score is 31 of 127
Answer Stats
Answer % Correct
横浜市
92%
横浜市南区
86%
川崎市
86%
横須賀市
84%
横浜市鶴見区
82%
横浜市西区
82%
横浜市中区
82%
葉山町
82%
藤沢市
80%
横浜市金沢区
78%
小田原市
78%
横浜市神奈川区
76%
茅ヶ崎市
76%
逗子町
76%
横浜市保土ケ谷区
74%
横浜市港北区
72%
横浜市戸塚区
72%
平塚市
70%
鎌倉市
70%
横浜市磯子区
68%
大磯町
66%
厚木町
66%
海老名町
64%
二宮町
64%
三崎町
60%
綾瀬町
60%
秦野町
60%
寒川町
58%
座間町
58%
相模原町
58%
大和町
58%
伊勢原町
56%
真鶴町
56%
箱根町
54%
松田町
52%
愛川町
52%
湯河原町
48%
山北町
44%
中井村
40%
南足柄町
38%
渋谷町
36%
国府津町
32%
大野町
24%
大山町
22%
北足柄村
18%
西秦野村
16%
宮ケ瀬村
16%
湯本町
14%
大根村
12%
初声村
10%
小出村
10%
金目村
10%
東秦野村
10%
北秦野村
10%
酒匂町
10%
吉野町
10%
湘南村
10%
中野町
10%
与瀬町
10%
南下浦町
8%
御所見村
8%
仙石原村
8%
煤ケ谷村
8%
有馬村
6%
相川村
6%
南秦野町
6%
吉田島村
6%
三保村
6%
上秦野村
6%
旭村
4%
岡崎村
4%
城島村
4%
成瀬村
4%
寄村
4%
桜井村
4%
曾我村
4%
芦之湯村
4%
岩村
4%
吉浜町
4%
宮城野村
4%
荻野村
4%
中津村
4%
睦合村
4%
小原町
4%
青根村
4%
青野原村
4%
鳥屋村
4%
金田村
2%
高部屋村
2%
国府村
2%
神田村
2%
比々多村
2%
豊田村
2%
共和村
2%
酒田村
2%
福沢村
2%
温泉村
2%
下曾我村
2%
下中村
2%
元箱根村
2%
依知村
2%
小鮎村
2%
大田村
0%
土沢村
0%
岡本村
0%
清水村
0%
相和村
0%
上府中村
0%
前羽村
0%
福浦村
0%
片浦村
0%
豊川村
0%
玉川村
0%
高峰村
0%
南毛利村
0%
串川村
0%
佐野川村
0%
三沢村
0%
小淵村
0%
千木良村
0%
川尻村
0%
沢井村
0%
内郷村
0%
日連村
0%
牧野村
0%
名倉村
0%
No matching quizzes found
Score Distribution
Percent of People with Each Score
Percentile by Number Answered
Your Score History
You have not taken this quiz